000 00448nam a22001577a 4500
005 20240719103606.0
008 240719b |||||||| |||| 00| 0 eng d
041 _aEnglish
082 _a349 SOU
100 _lEnglish
245 _aSouth African Law Reports
260 _aCape Town :
_bJuta and Company Ltd,
_c1987
300 _blxix, 1002 pages;
_c26 cm.
650 _aLegal practice
_bLaw
942 _cBK
_6ALISON_BN_VRIES
999 _c2201
_d2201